|
|
|
|
| LEADER |
01368cam a22003011 4500 |
| 001 |
8525450 |
| 003 |
GR-PaULI |
| 005 |
20241108063357.0 |
| 008 |
720518s1971 gw a b 000 0 fre |
| 952 |
|
|
|0 0
|1 0
|2 ddc
|4 0
|6 Π_Σ_516_350000000000000_BER
|7 0
|8 NFIC
|9 229458
|a LISP
|b LISP
|c REF
|d 2019-01-25
|i 138675
|l 0
|o Π/Σ 516.35 BER
|p 025000043839
|r 2019-01-25 00:00:00
|t 1
|v 2019.00
|w 2019-01-25
|y BK15
|
| 999 |
|
|
|c 139311
|d 139311
|
| 010 |
|
|
|a 73178287
|
| 020 |
|
|
|a 3540056475
|
| 020 |
|
|
|a 0387056475
|
| 040 |
|
|
|a DLC
|c OClW
|d OCoLC
|d DLC
|b gre
|e AACR2
|
| 082 |
|
|
|a 516.35
|2 23
|
| 100 |
1 |
|
|a Berthelot, Pierre,
|d 1943-
|9 173444
|e συγγραφέας.
|
| 245 |
1 |
0 |
|a Théorie des intersections et théorème de Riemann-Roch /
|c séminaire dirigé par P. Berthelot, A. Grothendieck, L. Illusie ; avec la collaboration de D. Ferrand... [et al.].
|
| 260 |
|
|
|a Berlin ;
|a New York ;
|b Springer-Verlag,
|c 1971.
|
| 300 |
|
|
|a xii, 700 σ. ;
|b
|c 26 εκ.
|
| 490 |
1 |
|
|a Lecture notes in mathematics
|v 225.
|
| 504 |
|
|
|a Περιλαμβάνει βιβλιογραφία.
|
| 650 |
|
4 |
|a Γεωμετρία, Αλγεβρική.
|9 917
|
| 700 |
1 |
|
|a Grothendieck, A.
|q (Alexandre)
|9 68728
|e συγγραφέας.
|
| 700 |
1 |
|
|a Illusie, Luc
|9 56504
|e συγγραφέας.
|
| 830 |
|
0 |
|a Lecture notes in mathematics (Springer-Verlag)
|v 225.
|9 161263
|
| 942 |
|
|
|2 ddc
|c BKN
|
| 998 |
|
|
|c ΜΠΟΥΡΑΣ
|d 2019-01
|